An introduction to stochastic modeling

Αποθηκεύτηκε σε:
Λεπτομέρειες βιβλιογραφικής εγγραφής
Κύριος συγγραφέας: Taylor, Howard M.
Άλλοι συγγραφείς: Karlin, Samuel 1923-
Μορφή: Βιβλίο
Γλώσσα:English
Δημοσίευση: Boston : Academic Press, c1994
Έκδοση:Rev. ed.
Θέματα:
Ετικέτες: Προσθήκη ετικέτας
Δεν υπάρχουν, Καταχωρήστε ετικέτα πρώτοι!

MARC

LEADER 00000nam a2200000 i 4500
001 1/38130
008 950116s1994 eng d
020 |a 0-12-684885-8 
035 |a 1995  |c ΠΑΠΑΔΟΠΟΥΛΟΣ  |l 10040694 
040 |a GR-MY-UA  |b gre  |e aacr 
041 0 |a eng 
082 0 |a 519.2 
100 1 |a Taylor, Howard M. 
245 1 3 |a An introduction to stochastic modeling /  |c Howard M. Taylor, Samuel Karlin 
250 |a Rev. ed. 
260 |a Boston :   |b Academic Press,   |c c1994 
300 |a xi, 566 p.;  |b ill.;  |c 24 cm. 
500 |a Includes bibliographical references and index 
650 0 0 |a Stochastic processes. 
700 1 |a Karlin, Samuel  |d 1923- 
852 |a INST  |b SAMOS  |e 19950116  |h 519.2 TAY  |p 005300006347  |q 005300006347  |t BK  |y 0 
909 |a Σ  |b 037949